[Event "St Pauli Open"]
[Site "Hamburg GER"]
[Date "2011.07.14"]
[Round "7.24"]
[White "Mueller,To"]
[Black "Groetzbach,J"]
[Result "1-0"]
[WhiteElo "2118"]
[BlackElo "1884"]

1.c4 c6 2.g3 d5 3.Bg2 Nf6 4.Nf3 dxc4 5.O-O Nbd7 6.Qc2 Nb6 7.Na3 Be6 8.Ng5 Bg4
9.Nxc4 Bxe2 10.Ne5 Bh5 11.Re1 e6 12.b4 Nfd5 13.h4 Nxb4 14.Qe4 Be7 15.Ba3 N4d5
16.Bxe7 Qxe7 17.a4 Nd7 18.Bh3 N7f6 19.Qc4 O-O 20.g4 Bg6 21.a5 Qb4 22.d3 Qxc4
23.dxc4 Nf4 24.h5 Bd3 25.Re3 Rad8 26.Bf1 Bxf1 27.Kxf1 h6 28.Ngf3 Nd7 29.Rb1 Nxe5
30.Nxe5 f6 31.Ng6 Nxg6 32.hxg6 Rd7 33.Rxe6 Rfd8 34.a6 b6 35.Rxc6 Kf8 36.c5 bxc5
37.Rb7 Ke7 38.Rxc5 Kd6 39.Rcb5 Rxb7 40.Rxb7 Rd7 41.Rb8 Kc7 42.Rf8 Kd6 43.Ke2 Ke7
44.Rg8 Kd6 45.Ke3 Ke6 46.Ke4 Rc7 47.f4 Rc4+ 48.Ke3 Rc7 49.f5+ Ke5 50.Re8+ Kd5
51.Rf8 Rc3+ 52.Kd2 Rc7 53.Kd3 Ke5 54.Rf7 Kd6 55.Kd4 Rxf7 56.gxf7 Ke7 57.Kd5 g5
58.fxg6 f5 59.gxf5 h5 60.Ke4  1-0

[Event "5th LCT Open A"]
[Site "Leiden NED"]
[Date "2011.07.14"]
[Round "6"]
[White "Erwich,Frank"]
[Black "Spirin,O"]
[Result "1-0"]
[WhiteElo "2360"]
[BlackElo "2491"]

1.c4 c6 2.e4 d5 3.exd5 cxd5 4.d4 Nf6 5.Nc3 g6 6.cxd5 Nxd5 7.Qb3 Nb6 8.d5 Bg7
9.Be3 O-O 10.Rd1 Na6 11.Be2 Qd6 12.Nf3 Nc5 13.Qb5 Nca4 14.Ne4 Qc7 15.Rd2 Bf5
16.Ng3 Bd7 17.Qb3 Rfc8 18.O-O Nc5 19.Qb4 Qd6 20.Qh4 f6 21.b4 Nca4 22.Ne4 Qc7
23.d6 Qd8 24.Bd4 e5 25.Bc5 h6 26.Qg3 g5 27.Rc1 Qe8 28.Bd1 Kh8 29.Bb3 Qg6
30.Re2 Qf5 31.Ned2 Qg4 32.Nf1 Bf8 33.Rec2 Bg7 34.Qxg4 Bxg4 35.Ne3 Bd7 36.g4 Bf8
37.Nd2 Rd8 38.Ne4 Bc6 39.f3 Nxc5 40.bxc5 Nd7 41.Be6 Bg7 42.Rb1 b6 43.Bxd7 Rxd7
44.cxb6 Bxe4 45.fxe4 axb6 46.Rxb6 Bf8 47.Nf5 Kg8 48.Kf1 Kf7 49.Rc7 Ke6 50.Rbb7 Rxc7
51.dxc7 Rc8 52.Ke2 Kd7 53.Rb8 Kxc7 54.Rxc8+ Kxc8 55.Kd3 Kb7 56.Kc4 Kc6 57.h3 Ba3
58.Nxh6 Be7 59.a4 Bd8 60.Ng8 Ba5 61.Nxf6 Bd2 62.Nd5 Be1 63.Nb4+ Kd6 64.a5 Bf2
65.Kb5 Bg1 66.Nc6 Bh2 67.Kb6 Bg1+ 68.Kb7 Kc5 69.a6 Kc4 70.Nxe5+  1-0

[Event "Oberwart Open"]
[Site "Oberwart AUT"]
[Date "2011.07.14"]
[Round "6"]
[White "Milanovic,Da"]
[Black "Hansen,Kay"]
[Result "1/2-1/2"]
[WhiteElo "2515"]
[BlackElo "2205"]

1.c4 c6 2.e4 d5 3.exd5 cxd5 4.cxd5 Qxd5 5.Nc3 Qa5 6.d4 e6 7.Bc4 Nf6 8.Nf3 Bb4
9.O-O O-O 10.Qe2 Bxc3 11.bxc3 b6 12.Bg5 Nbd7 13.Bd2 Bb7 14.Bd3 Qh5 15.Rfe1 Rfd8
16.Ne5 Qxe2 17.Rxe2 Nxe5 18.Rxe5 Rac8 19.Rc1 Rd7 20.f3 Bd5 21.Ba6 Bb7 22.Bd3 Bd5
23.Ba6 Bb7 24.Bd3  1/2-1/2

[Event "ch-Central Serbia Int Open A"]
[Site "Paracin SRB"]
[Date "2011.07.14"]
[Round "8.9"]
[White "Damljanovic,B"]
[Black "Nikolov,Sas"]
[Result "1-0"]
[WhiteElo "2611"]
[BlackElo "2412"]

1.c4 c6 2.e4 d5 3.exd5 cxd5 4.cxd5 Nf6 5.Nc3 Nxd5 6.Nf3 Nc6 7.Bb5 e6 8.O-O Be7
9.d4 O-O 10.Re1 Bf6 11.Bxc6 bxc6 12.Ne4 a5 13.a3 Qb6 14.Nc5 Rd8 15.Na4 Qb5
16.Bg5 Bxg5 17.Nxg5 Nf4 18.Nf3 Ba6 19.Re5 Qd3 20.Nc3 Bc4 21.Qe1 Rab8 22.Rd1 Qg6
23.Rg5 Qf6 24.Kh1 Nd3 25.Qe3 Nxb2 26.Ra1 Bd5 27.Ne5 Nc4 28.Qg3 Rb2 29.Kg1 g6
30.h4 Nxe5 31.Rxe5 Rdb8 32.h5 R8b3 33.Rc1 Kg7 34.Re3 Qxd4 35.Rd1 Qc4 36.Qe5+ f6
37.h6+  1-0

[Event "3rd International Open"]
[Site "Rethymno GRE"]
[Date "2011.07.14"]
[Round "5"]
[White "Skembris,S"]
[Black "Guempel,V"]
[Result "1-0"]
[WhiteElo "2475"]
[BlackElo "2267"]

1.c4 c6 2.Nf3 d5 3.d4 Nf6 4.Qc2 e6 5.g3 Be7 6.Bg2 O-O 7.O-O b6 8.Rd1 Ba6
9.Bf4 Nbd7 10.Nbd2 c5 11.e4 Bb7 12.exd5 exd5 13.dxc5 Nxc5 14.Nd4 g6 15.N2b3 Qc8
16.cxd5 Nxd5 17.Bxd5 Bxd5 18.Nf5 Qxf5 19.Qxf5 gxf5 20.Rxd5 Na4 21.Re1 Bf6
22.Rxf5 Bxb2 23.Re4 Nc3 24.Re7 Ba3 25.Re3 Nxa2 26.Bh6 f6 27.Bxf8 Rxf8 28.Re4 Nc3
29.Rc4 Bb2 30.Nd4 Rd8 31.Kg2 Nd5 32.Nc6  1-0

[Event "3rd International Open"]
[Site "Rethymno GRE"]
[Date "2011.07.14"]
[Round "5"]
[White "Tsilidis,A"]
[Black "Mihopoulos,K"]
[Result "1/2-1/2"]
[WhiteElo "2278"]
[BlackElo "1968"]

1.c4 c6 2.g3 d5 3.Nf3 Nf6 4.Bg2 e6 5.O-O Be7 6.d4 O-O 7.Nbd2 Nbd7 8.Qc2 b6
9.b3 Bb7 10.Bb2 Rc8 11.Ne5 Nxe5 12.dxe5 Nd7 13.e4 Qc7 14.f4 dxc4 15.bxc4 b5
16.Nf3 bxc4 17.f5 Bc5+ 18.Kh1 Ba6 19.Bc3 Rfe8 20.Bh3 Nf8 21.Ng5 Qd8 22.fxe6 fxe6
23.Rxf8+ Bxf8 24.Bxe6+ Rxe6 25.Nxe6 Qd3 26.Qxd3 cxd3 27.Nxf8 Rxf8 28.Kg2 Rd8
29.Rd1  1/2-1/2

[Event "3rd International Open"]
[Site "Rethymno GRE"]
[Date "2011.07.14"]
[Round "5"]
[White "Zubarev,Al1"]
[Black "Prohaszka,P2"]
[Result "1/2-1/2"]
[WhiteElo "2597"]
[BlackElo "2547"]

1.c4 c6 2.Nf3 d5 3.e3 Nf6 4.Nc3 g6 5.d4 Bg7 6.Be2 O-O 7.O-O dxc4 8.Bxc4 Bg4
9.h3 Bxf3 10.Qxf3 Nbd7 11.Rd1 e5 12.d5 e4 13.Nxe4 Nxe4 14.Qxe4 Nb6 15.Rb1 Re8
16.Qd3 Nxc4 17.Qxc4 Re5 18.e4 Qe8 19.Be3 Rxe4 20.Qb3 cxd5 21.Rxd5 b6 22.Rbd1 h5
23.Rd7 Re7 24.Rxe7 Qxe7 25.Qd5 Rc8 26.b3 Kh7 27.Qd7 Rc7 28.Qxe7 Rxe7 29.g4 f6
30.Rd6 hxg4 31.hxg4 f5 32.gxf5 gxf5 33.Kg2 Be5 34.Rd8 Kg6 35.Kf3 Kf6 36.a4 Rh7
37.Ra8 Ke6 38.b4 Rh4 39.Rxa7 Rxb4 40.Ra6 Bd4 41.Bxd4 Rxd4 42.Rxb6+ Ke5 43.Rb5+ Kf6
44.a5 Kg5 45.a6 Ra4 46.Rb6 Ra3+ 47.Ke2 Kf4 48.Rb4+  1/2-1/2

[Event "2nd Vaujany Open A"]
[Site "Vaujany FRA"]
[Date "2011.07.14"]
[Round "1.5"]
[White "Antohe,G"]
[Black "Nanu,C"]
[Result "0-1"]
[WhiteElo "2083"]
[BlackElo "2526"]

1.c4 c6 2.d4 g6 3.Nc3 Bg7 4.e4 d6 5.Be3 Nf6 6.f3 a6 7.Qd2 b5 8.e5 dxe5 9.dxe5 Qxd2+
10.Bxd2 Nfd7 11.f4 Nb6 12.Be3 Nxc4 13.Bxc4 bxc4 14.Nf3 Bg4 15.Nd4 c5 16.Nde2 Nd7
17.Ne4 Rb8 18.Rb1 O-O 19.Nxc5 Nxc5 20.Bxc5 Bf5 21.Rd1 Rxb2 22.Rd2 Rb1+ 23.Rd1 Rb7
24.O-O Rc8 25.Ba3 f6 26.Nd4 Bg4 27.Rde1 fxe5 28.fxe5 Rd7 29.Re4 Bf5 30.Nxf5 gxf5
31.Rxf5 c3 32.e6 Rd1+ 33.Kf2 c2 34.Rg4 Kh8 35.Rf7 Bf6 36.Bxe7 Bxe7 37.Rgg7 Rf1+  0-1

[Event "Oberwart Open"]
[Site "Oberwart AUT"]
[Date "2011.07.15"]
[Round "7"]
[White "Kovacs,Ga2"]
[Black "Antal,T"]
[Result "1/2-1/2"]
[WhiteElo "2496"]
[BlackElo "2256"]

1.c4 c6 2.e4 d5 3.exd5 cxd5 4.d4 Nf6 5.Nc3 Nc6 6.Nf3 Bg4 7.cxd5 Nxd5 8.Be2 e6
9.O-O Be7 10.Be3 O-O 11.Qb3 Qd7 12.h3 Bxf3 13.Bxf3 Na5 14.Qc2 Rac8 15.Qd3 Nxe3
16.fxe3 Nc4 17.Rf2 Bg5 18.Re2 Rfd8 19.Rf1 Nxe3 20.Rxe3 Bxe3+ 21.Qxe3 Qxd4
22.Qxd4 Rxd4 23.Rf2 b6 24.Re2 Rc5 25.Kf2 e5 26.g4 f6 27.Be4 g6 28.Ke3 Kf7
29.Rf2 Ke6 30.Bc2 Ke7 31.Bb3 a5 32.a4 h6 33.Bc2 Kf7 34.Be4 Kg7 35.h4 Rb4
36.h5 gxh5 37.gxh5 Rcc4 38.Rg2+ Kf8 39.Bf5 Rf4 40.Be6 Rh4 41.b3 Ke7 42.Bc4 Rbxc4
43.bxc4 Rxc4 44.Ne4 Rxa4 45.Rg6 Ra3+ 46.Ke2 Rh3 47.Nxf6 a4 48.Nd5+ Kf7 49.Rxh6 a3
50.Rxb6 a2 51.Ra6 Rh1 52.Kf3 a1=Q 53.Rxa1 Rxa1 54.Ke4 Ke6 55.Nc7+ Kd6 56.Nb5+ Ke6
57.Nc7+ Kd7 58.Nb5 Rh1 59.Kd5 Rxh5 60.Nc3 Ke7 61.Ne4 Rf5 62.Ng3 Kf6 63.Ne4+ Ke7
64.Ng3 Rf3 65.Ne4 Ra3 66.Kxe5 Ra5+ 67.Kd4 Ke6 68.Nc5+ Kf5 69.Kd5 Ra2 70.Kd4 Rd2+
71.Nd3 Rd1 72.Ke3 Ke6 73.Ke4 Rd2 74.Ke3 Ra2 75.Ke4 Ra4+ 76.Ke3 Kf5 77.Nc5 Rc4
78.Nd3 Ke6 79.Nf4+ Ke5 80.Nd3+ Kf5 81.Nf2 Rf4 82.Nd3 Re4+ 83.Kf3 Rh4 84.Ke3 Rh3+  1/2-1/2

[Event "SPA Open A"]
[Site "Amsterdam NED"]
[Date "2011.07.16"]
[Round "8"]
[White "Zult,D"]
[Black "Van Hengel,H"]
[Result "0-1"]
[WhiteElo "2241"]
[BlackElo "2203"]

1.c4 c6 2.e4 d5 3.exd5 cxd5 4.cxd5 Nf6 5.Nc3 Nxd5 6.Nf3 e6 7.d4 Be7 8.Bd3 O-O
9.O-O Nxc3 10.bxc3 Qc7 11.Qe2 Qxc3 12.Bb2 Qa5 13.Ne5 g6 14.d5 Qxd5 15.Rfd1 Qa5
16.Rac1 Nc6 17.Rxc6 bxc6 18.Nxc6 Qc7 19.Be4 Bd6 20.Rxd6 Qxd6 21.Qd2 Rd8 22.Bd4 e5
23.Qa5 Bb7  0-1

[Event "Krapina Open"]
[Site "Krapina CRO"]
[Date "2011.07.16"]
[Round "9.10"]
[White "Kralj,K"]
[Black "Turk,Vesna"]
[Result "0-1"]
[WhiteElo "1784"]
[BlackElo "1727"]

1.c4 c6 2.Nc3 Nf6 3.d4 d5 4.cxd5 Nxd5 5.g3 Bf5 6.Bg2 e6 7.e4 Nxc3 8.bxc3 Bg6
9.f4 Be7 10.Qe2 O-O 11.g4 Bh4+ 12.Kf1 f5 13.e5 fxg4 14.Qxg4 Bd3+ 15.Ne2 Rf5
16.Bf3 Kh8 17.Rg1 g6 18.Rg2 Nd7 19.Kg1 Be1 20.Ng3 Bxc3 21.Bb2 Bxb2 22.Rxb2 Nb6
23.Rd1 Qxd4+ 24.Rf2 Qe3 25.Nxf5 gxf5 26.Bg2 fxg4  0-1

[Event "SPA Open A"]
[Site "Amsterdam NED"]
[Date "2011.07.17"]
[Round "9"]
[White "Smit,F"]
[Black "Go,B"]
[Result "1-0"]
[WhiteElo "2055"]
[BlackElo "2124"]

1.c4 c6 2.g3 d5 3.Nf3 Nf6 4.Bg2 dxc4 5.Na3 b5 6.b3 c3 7.d4 e6 8.O-O Nbd7
9.Nc2 Bb7 10.Qd3 b4 11.a3 a5 12.axb4 axb4 13.Rxa8 Qxa8 14.Bg5 Be7 15.Ne5 h6
16.Nxd7 Kxd7 17.Bxf6 gxf6 18.Ra1 Qd8 19.Qc4 Qb6 20.e4 Ra8 21.Rxa8 Bxa8 22.d5 Qb5
23.dxe6+ fxe6 24.Qd4+ Kc7 25.Bf1 c5 26.Qe3 Qc6 27.f3 Bb7 28.Qxh6 f5 29.Qg7 Kd7
30.exf5 exf5 31.Qe5 Qxf3 32.Bb5+ Kc8 33.Qh8+ Bd8 34.Bf1 Qh1+ 35.Kf2 Qf3+
36.Kg1 Qe4 37.Qh6 Qxc2 38.Qe6+ Kb8 39.Qd6+ Bc7 40.Qd7 Qe4  1-0

[Event "13th Sant Marti Open"]
[Site "Barcelona ESP"]
[Date "2011.07.17"]
[Round "5"]
[White "Leon Hoyos,M"]
[Black "Alarcon Casellas,Rol"]
[Result "0-1"]
[WhiteElo "2548"]
[BlackElo "2453"]

1.c4 c6 2.e4 d5 3.exd5 cxd5 4.d4 Nf6 5.Nc3 Nc6 6.Bg5 e6 7.Nf3 Be7 8.c5 O-O
9.Bb5 Ne4 10.Bxe7 Nxe7 11.Rc1 Ng6 12.O-O f5 13.Ne2 Qf6 14.b4 h6 15.Ne1 Qg5
16.f4 Qe7 17.Nf3 Kh7 18.Ne5 Nxe5 19.dxe5 a5 20.a3 axb4 21.axb4 b6 22.Ng3 Nxg3
23.hxg3 bxc5 24.Rxc5 Bd7 25.Bxd7 Qxd7 26.Qc2 Qb7 27.Rb1 Ra3 28.b5 Rxg3 29.Kh2 Rg4
30.b6 Qf7 31.g3 Rb8 32.Rc7 Qh5+ 33.Kg2 Qg6 34.Qf2 h5 35.Kh3 h4 36.gxh4 Qh6
37.Rb4 d4 38.Rxd4 Rxb6 39.Rd3 Rb2 40.Rxg7+ Qxg7  0-1

[Event "21st Heart of Finland"]
[Site "Jyvaskyla FIN"]
[Date "2011.07.17"]
[Round "9"]
[White "Yrjola,J"]
[Black "Pohjala,H"]
[Result "1/2-1/2"]
[WhiteElo "2366"]
[BlackElo "2241"]

1.c4 c6 2.e4 e5 3.Nf3 d6 4.d4 Qc7 5.Nc3 Nf6 6.Be2 Be7 7.O-O O-O 8.Rb1 Bg4
9.Be3 a5 10.d5 Nbd7 11.Nd2 Bxe2 12.Qxe2 a4 13.b4 axb3 14.axb3 Rfb8 15.Rfc1 Qd8
16.b4 Qe8 17.Nb3 Bd8 18.Qd1 Qf8 19.Qd3 Qe8  1/2-1/2

[Event "ch-PHI"]
[Site "Manila PHI"]
[Date "2011.07.17"]
[Round "3"]
[White "Garcia,Jan"]
[Black "Gomez,Joh"]
[Result "1/2-1/2"]
[WhiteElo "2404"]
[BlackElo "2529"]

1.c4 c6 2.Nc3 d5 3.cxd5 cxd5 4.d4 Nc6 5.Nf3 Nf6 6.Bf4 a6 7.e3 Bg4 8.h3 Bxf3
9.Qxf3 e6 10.Bd3 Be7 11.O-O O-O 12.Rfc1 Rc8 13.Qe2 Nd7 14.a3 Nb6 15.b4 g6
16.Rc2 Bd6 17.Bxd6 Qxd6 18.Rac1 Ne7 19.Nb1 Rxc2 20.Rxc2 Rc8 21.Rxc8+ Nbxc8
22.Qc2 Qc6 23.Qxc6 Nxc6 24.b5 axb5 25.Bxb5 Na5 26.Nc3 Kf8 27.Kf1 Ke7 28.Ke2 Kd6
29.Kd3 f6 30.f3 Nb6 31.e4 dxe4+ 32.fxe4 e5 33.Na4 Nxa4 34.Bxa4 b6 35.g3 Nb7
36.Bb3 exd4 37.Kxd4 Nc5 38.Bc4 Nd7 39.Bb5 Ne5 40.Be2 Nf7 41.h4 Ne5 42.Bd1 b5
43.a4 Nc6+ 44.Kc3 Kc5 45.axb5 Kxb5 46.h5 Kc5 47.hxg6 hxg6 48.Bc2 g5 49.Bd1 Nd4
50.Kd3 Nc6 51.Kc3 Ne5 52.Be2 Kd6 53.Bd1 Nd7 54.Kd4 Nc5 55.Bc2 Ne6+ 56.Kd3 Ke5
57.Ke3 Nd4 58.Ba4 Ne6 59.Bc2 Nc5 60.Bd3 Na4 61.Bc2 Nc3 62.Kf3 Kd6 63.Kg4 Ke6
64.Kf3 Ke5 65.Ke3 g4 66.Bd3 Nd1+ 67.Kd2 Kd4 68.Be2 Nf2 69.Ke1 Nd3+ 70.Kf1 Ne5
71.Kf2 Kxe4 72.Ba6 Nd3+ 73.Ke2 Nc5 74.Bc8 f5 75.Kf2 Ke5 76.Kg2 Ne4 77.Bd7 Nd6
78.Kf2 Kf6 79.Kg2 Ke7 80.Bc6 Ke6 81.Kf2 Ne4+ 82.Kg2 Nc5 83.Kf2 Ke5 84.Bb5 Kd4
85.Bc6 Kd3 86.Bb5+ Kd2 87.Bc6 Nd3+ 88.Kg1 Ne5 89.Bd5 Ke1 90.Kg2 Ng6 91.Be6 Ne7
92.Bd7 Ke2 93.Be6 Ke1 94.Bd7 Nd5 95.Bc6 Ne3+ 96.Kg1 Ke2 97.Bb7 Nc2 98.Bc8 Nd4
99.Kg2 Ke3 100.Bd7 f4  1/2-1/2

[Event "3rd International Open"]
[Site "Rethymno GRE"]
[Date "2011.07.17"]
[Round "8"]
[White "Stubberud,O"]
[Black "Tuhrim,R"]
[Result "1-0"]
[WhiteElo "2322"]
[BlackElo "2163"]

1.c4 c6 2.Nf3 d5 3.Qc2 Nf6 4.g3 dxc4 5.Qxc4 Bf5 6.d3 Nbd7 7.Bg2 e5 8.Nbd2 Be7
9.O-O O-O 10.b3 Qc7 11.Bb2 Be6 12.Qc2 Nd5 13.Nc4 Bf6 14.Rac1 a5 15.a3 N5b6
16.Ncd2 Be7 17.d4 exd4 18.Nxd4 Bg4 19.e4 Bc5 20.h3 Qd6 21.e5 Qxe5 22.N4f3 Qxg3
23.Ne4 Qf4 24.hxg4 Be7 25.g5 f6 26.gxf6 Nxf6 27.Neg5 Qg4 28.Bxf6  1-0

[Event "15th Battle of Senta Open"]
[Site "Senta SRB"]
[Date "2011.07.17"]
[Round "3.3"]
[White "Sirotanovic,O"]
[Black "Nadj Hedjesi,B"]
[Result "0-1"]
[WhiteElo "2275"]
[BlackElo "2354"]

1.c4 c6 2.Nf3 d5 3.e3 Nf6 4.b3 Bg4 5.Bb2 Nbd7 6.Be2 e6 7.O-O Bd6 8.d4 O-O
9.Ne5 Bxe2 10.Qxe2 Qc7 11.f4 Ne4 12.Nc3 Ndf6 13.c5 Nxc3 14.Bxc3 Bxe5 15.dxe5 Ne4
16.Bd4 Qe7 17.Rac1 f5 18.exf6 gxf6 19.Qg4+ Kh8 20.Qh4 Rg8 21.Rc2 Rg7 22.Rf3 Rag8
23.Qh5 Rg6 24.Rh3 b5 25.cxb6 c5 26.bxa7 cxd4 27.Qxg6 Qxa7 28.Qh5 d3 29.Rc1 d4
30.Qf3 Nc3 31.Kh1 d2 32.Rg1 dxe3 33.Qxe3 Qxe3 34.Rxe3 Rd8 35.h4 d1=Q 36.Rxd1 Rxd1+
37.Kh2 Nxa2 38.Rxe6 Kg7 39.Re7+ Kg8 40.g4 Rd2+ 41.Kg3 Rd3+ 42.Kg2 Nb4 43.f5 Nd5
44.Rb7 Rd4 45.Kf3 h5 46.gxh5 Rxh4 47.Rd7 Rf4+ 48.Kg3 Rxf5 49.h6 Re5 50.Rg7+ Kh8
51.Rf7 Rh5 52.Rd7 Re5 53.Kh4 Ne7 54.b4 Kh7 55.b5 Kxh6 56.b6 Ng6+ 57.Kg3 Rb5
58.b7 Rb3+ 59.Kf2 Ne5 60.Rc7 Kg5 61.Ke2 f5 62.Kd2 f4 63.Kc2 Rb6 64.Kd2 Kf5
65.Kc3 Rc6+ 66.Kd2 Rb6  0-1

[Event "XXIX Andorra Open"]
[Site "Arinsal AND"]
[Date "2011.07.18"]
[Round "3.3"]
[White "Damljanovic,B"]
[Black "Gagarin,V"]
[Result "1/2-1/2"]
[WhiteElo "2611"]
[BlackElo "2428"]

1.c4 c6 2.e4 d5 3.exd5 cxd5 4.cxd5 Nf6 5.Nc3 Nxd5 6.Nf3 Nc6 7.Bb5 e6 8.O-O Be7
9.d4 O-O 10.Re1 Qd6 11.a3 Nf6 12.Ne2 a6 13.Bf4 Qd8 14.Bxc6 bxc6 15.Rc1 Qb6
16.Qc2 Bd7 17.Ne5 Rfc8 18.Nc4 Qa7 19.b4 Be8 20.Bd6 Bxd6 21.Nxd6 Rc7 22.Nc4 Rd8
23.Na5 Rcc8 24.Qb3 Nd5 25.Rc5 Ne7 26.Rec1 h6 27.g4 Rd5 28.Qg3 Rcd8 29.h3 Rxc5
30.Rxc5 Rd5 31.Nc4 Rd8 32.Qe5 Ng6 33.Qe3 Rd5 34.Nc3 Rd8 35.Na5 Ne7 36.Qe4 Qd7
37.Ne2 Qa7 38.Nf4 Qd7 39.Nb3 Nc8 40.Nd3 Nd6 41.Qe3 Nb5 42.Ne5 Qd6 43.Nf3 Qd7
44.Rc1 Qd6 45.Rc5 Qd7 46.Qc1 f6 47.a4 Nd6 48.Ra5 Qb7 49.Nc5 Qxb4 50.Rxa6 e5
51.Ne6 Rb8 52.Kg2 exd4 53.Nfxd4 c5 54.Qxc5 Qb7+ 55.Rc6 Bxc6+ 56.Nxc6 Rc8
57.Nd4 Nf7 58.Qb5 Qa8 59.f3 Kh8 60.a5 Ng5 61.Qd5 Qb7 62.h4 Nh7 63.Qe4 Qb2+
64.Kg3 Qa1 65.Ne7 Qg1+ 66.Kh3 Qh1+ 67.Kg3 Qg1+ 68.Kh3  1/2-1/2

[Event "13th Sant Marti Open"]
[Site "Barcelona ESP"]
[Date "2011.07.18"]
[Round "6"]
[White "Abreu Delgado,A"]
[Black "Avila Jimenez,J"]
[Result "1-0"]
[WhiteElo "2479"]
[BlackElo "2257"]

1.c4 c6 2.g3 d5 3.Bg2 dxc4 4.Nf3 Nf6 5.O-O Nbd7 6.Na3 Nb6 7.Qc2 Qd5 8.b3 cxb3
9.axb3 Be6 10.Nc4 Nxc4 11.bxc4 Qxc4 12.Qb1 Qb5 13.Qxb5 cxb5 14.Nd4 Bd5 15.Nxb5 Kd7
16.Nxa7 e6 17.Bb2 Bxg2 18.Kxg2 Bc5 19.Rfb1 Rhb8 20.Nb5 Rxa1 21.Bxa1 Ne8 22.Be5 Ra8
23.Nc3 Kc6 24.Rc1 Kd7 25.Ne4 Be7 26.f4 Ra2 27.Rb1 Kc6 28.Bd4 Bd8 29.Rc1+ Kd7
30.Nc5+ Ke7 31.Nxb7 Rxd2 32.Bc3 Rd7 33.Bb4+ Kf6 34.Nc5 Ra7 35.Rd1 Be7 36.Nd7+ Rxd7
37.Bc3+  1-0

[Event "ch-PHI"]
[Site "Manila PHI"]
[Date "2011.07.18"]
[Round "4"]
[White "Ranola,Y"]
[Black "Gomez,Joh"]
[Result "0-1"]
[WhiteElo "2377"]
[BlackElo "2529"]

1.c4 c6 2.g3 d5 3.Nf3 Nf6 4.Bg2 Bf5 5.cxd5 cxd5 6.Qb3 Qb6 7.Nc3 Qxb3 8.axb3 Nc6
9.d3 e6 10.Be3 a6 11.Nd4 Nxd4 12.Bxd4 Nd7 13.e4 dxe4 14.dxe4 Bg6 15.O-O Nc5
16.Bxc5 Bxc5 17.Rfd1 Ke7 18.e5 Rab8 19.Na4 Ba7 20.Rd6 Rhd8 21.Rad1 Rxd6 22.Rxd6 f6
23.Nb6 fxe5 24.Rd7+ Kf8 25.Nc4 e4 26.Kf1 Be8 27.Rc7 Bc6 28.Ne5 Bb5+ 29.Ke1 Rd8
30.Bf1 Bb8 31.Rf7+ Ke8 32.Bxb5+ axb5 33.Rxg7 Bxe5 34.Rxb7 Rd5 35.Ke2 h5 36.Ke3 Bd4+  0-1

[Event "13th Sant Marti Open"]
[Site "Barcelona ESP"]
[Date "2011.07.19"]
[Round "7"]
[White "Thompson,I"]
[Black "Cuartas,Ja"]
[Result "0-1"]
[WhiteElo "2274"]
[BlackElo "2542"]

1.c4 c6 2.Nf3 d5 3.g3 Nf6 4.Bg2 Bf5 5.O-O e6 6.d3 Nbd7 7.Nbd2 Bc5 8.cxd5 cxd5
9.Nb3 Bb6 10.Bf4 O-O 11.Rc1 Re8 12.Ne5 h6 13.Qd2 Bh7 14.Nxd7 Qxd7 15.Be5 Ng4
16.Bd4 Bxd4 17.Nxd4 e5 18.Nb3 Nf6 19.Qb4 b6 20.Rc3 Rac8 21.Rfc1 Bg6 22.Rxc8 Rxc8
23.Rxc8+ Qxc8 24.Qc3 Qxc3 25.bxc3 Bf5 26.f4 e4 27.Nd4 Bd7 28.h3 Nh5 29.Kf2 f5
30.c4 dxc4 31.dxe4 fxe4 32.Bxe4 b5 33.Bd5+ Kf8 34.e4 Nf6 35.Bb7 Ne8 36.e5 Nc7
37.f5 b4 38.Ke3 a5 39.e6 Be8 40.g4 a4 41.Kd2 Nb5 42.Nxb5 Bxb5 43.a3 bxa3
44.Kc3 Ke7 45.h4 a2 46.Kb2 c3+ 47.Kxa2 Bc4+ 48.Ka3 c2 49.Kb2 Bb3 50.g5 a3+
51.Kc1 a2  0-1

[Event "XIII Gdansk Open"]
[Site "Gdansk POL"]
[Date "2011.07.19"]
[Round "4.13"]
[White "Bugalski,M"]
[Black "Czajkowski,Ad"]
[Result "1-0"]
[WhiteElo "2240"]
[BlackElo "1761"]

1.c4 c6 2.d4 d5 3.Nc3 Nf6 4.Nf3 g6 5.Bg5 Bg7 6.e3 O-O 7.Rc1 Bg4 8.cxd5 cxd5
9.Qb3 Bxf3 10.gxf3 Nbd7 11.Qxb7 Rb8 12.Qxa7 Rxb2 13.Bb5 h6 14.Bxf6 Nxf6 15.Qa3 Rxb5
16.Nxb5 Qb6 17.Qc5 Qe6 18.Qc6 Qf5 19.Ke2 e5 20.dxe5 Qxe5 21.Rc2 Nh5 22.Qd6 Qf5
23.Qc6 d4 24.Rc5 Qh3 25.Nxd4 Bxd4 26.exd4 Nf4+ 27.Ke3 Ng2+ 28.Kd3 Nh4 29.Ke2 Qg2
30.Rhc1 Qxh2 31.Qf6 Qh3 32.Re5 Nf5 33.Rxf5 Qxf5 34.Qxf5 gxf5 35.Ke3 Ra8 36.Rc2 Ra5  1-0

[Event "34th Taminco Open"]
[Site "Ghent BEL"]
[Date "2011.07.19"]
[Round "6.5"]
[White "Mazajchik,T"]
[Black "De Jong,JW"]
[Result "0-1"]
[WhiteElo "2206"]
[BlackElo "2424"]

1.c4 c6 2.e4 d5 3.exd5 cxd5 4.d4 Nf6 5.Nc3 Nc6 6.Nf3 Bg4 7.cxd5 Nxd5 8.Bc4 e6
9.O-O Be7 10.Bxd5 exd5 11.h3 Bh5 12.g4 Bg6 13.Qb3 O-O 14.Qxd5 Qc8 15.Be3 Rd8
16.Qc4 Nxd4 17.Qxd4 Rxd4 18.Nxd4 h5 19.Nd5 Qd7 20.Nxe7+ Qxe7 21.Rae1  0-1

[Event "ch-PHI"]
[Site "Manila PHI"]
[Date "2011.07.19"]
[Round "6"]
[White "Ranola,Y"]
[Black "Barbosa,O PHI"]
[Result "0-1"]
[WhiteElo "2377"]
[BlackElo "2514"]

1.c4 c6 2.g3 d5 3.Nf3 Nf6 4.Bg2 dxc4 5.O-O Nbd7 6.Qc2 Nb6 7.a4 a5 8.Na3 Qd5
9.Ne1 Qh5 10.Nxc4 Nbd5 11.e4 Nb4 12.Qc3 Bh3 13.d3 g6 14.Bxh3 Qxh3 15.Nxa5 Rxa5
16.Qxb4 Ng4 17.Nf3 Nxh2 18.Nxh2 Rh5 19.Rd1 Qxh2+ 20.Kf1 Qh3+ 21.Ke1 Qd7 22.Be3 Bg7
23.Ke2 O-O 24.Rh1 Rd8 25.Rxh5 gxh5 26.Rd1 Bf6 27.Bb6 Ra8 28.b3 Kh8 29.f3 c5
30.Bxc5 Rc8 31.Be3 Qh3 32.Qe1 Rc3 33.d4 Rxb3 34.Rd3 Rb2+ 35.Rd2 Rxd2+ 36.Kxd2 Qd7
37.Qa1 Qd6 38.Bf2 Qb4+ 39.Qc3 Qxa4 40.e5 Bg5+ 41.f4 Bh6 42.Qc8+ Kg7 43.Qxb7 Qa2+
44.Ke1 e6 45.Qe4 Qc4 46.Be3 Qc3+ 47.Kf2 Qb2+ 48.Kf1 Qb3 49.Kg2 Qd1 50.Bf2 Qg4
51.d5 exd5 52.Qxd5 h4 53.Qc6 Qg6 54.Qf3 hxg3 55.Bxg3 Qf5 56.Bh2 Kh8 57.Qa8+ Kg7
58.Qf3 Kg8 59.Qg3+ Bg7 60.Qh4 h5 61.Bg3 Kh7 62.Qe7 Bh6 63.Qh4 Bf8 64.Kh2 Bc5
65.Qh3 Qxh3+ 66.Kxh3 Kg6 67.Kg2 Kf5 68.Kf3 Bb4 69.Bh4 Bd2 70.Bg5 Be1 71.Ke2 Bc3
72.Bh6 Kg4 73.Kf2 Bb4 74.Kg2 Be7 75.Kh2 Kf5 76.Kg3 Kg6  0-1

[Event "XXIX Andorra Open"]
[Site "Arinsal AND"]
[Date "2011.07.20"]
[Round "5.18"]
[White "Marin,Ir"]
[Black "Mascaro March,P"]
[Result "1-0"]
[WhiteElo "2164"]
[BlackElo "2413"]

1.c4 c6 2.Nf3 Nf6 3.Nc3 d5 4.cxd5 cxd5 5.d4 Nc6 6.Bf4 Ne4 7.e3 Nxc3 8.bxc3 g6
9.Ne5 Bg7 10.Nxc6 bxc6 11.Qa4 O-O 12.Qxc6 Qa5 13.Bc7 Qa3 14.Bd3 Bf5 15.Bxf5 gxf5
16.O-O Rac8 17.Rfb1 e6 18.Rb3 Qe7 19.Rb7 Qa3 20.h3 Rfd8 21.Rab1 Bf8 22.Qb5 a6
23.Qe2 Rd7 24.Qf3 Bg7 25.Qg3 f6 26.Be5 f4 27.Qg4  1-0

[Event "Biel MTO Open"]
[Site "Biel SUI"]
[Date "2011.07.20"]
[Round "3"]
[White "Grachev,B"]
[Black "Domont,A"]
[Result "1-0"]
[WhiteElo "2680"]
[BlackElo "2377"]

1.c4 c6 2.Nf3 d5 3.e3 Nf6 4.d4 g6 5.Nbd2 Bg7 6.b4 a5 7.b5 c5 8.Bb2 cxd4 9.Bxd4 O-O
10.Rc1 Bg4 11.Be2 Nbd7 12.O-O Qb8 13.cxd5 Nxd5 14.Bxg7 Kxg7 15.h3 Bxf3 16.Bxf3 N5b6
17.Nc4 Nxc4 18.Qxd7 Ne5 19.Qxe7 Nxf3+ 20.gxf3 Re8 21.Qc5 Re5 22.Qd4 Kg8 23.Rc5 Rxc5
24.Qxc5 Qc8 25.Qxc8+ Rxc8 26.Rd1 Rc2 27.a4 Ra2 28.Rd4 Kg7 29.Kg2 Kf6 30.Re4 h5
31.h4 Ra1 32.f4 Kf5 33.Kf3 Ra2 34.Re7 Kf6 35.Rxb7 Rxa4 36.Rb6+ Kg7 37.Ra6 Kg8
38.f5 gxf5 39.b6 Kg7 40.b7 Rb4 41.Rxa5 Rxb7 42.Rxf5 Kg6 43.Rg5+ Kh6 44.Kf4 Rb1
45.Kf5 Rh1 46.Kf6 Rxh4 47.Rg8 Kh7 48.Rg2 Rh1 49.Kxf7 h4 50.Kf6 h3 51.Rg3 Rh2
52.f3 Kh6 53.Kf5 Rh1 54.e4 Kh5 55.Kf4 Kh4 56.Rg8 Kh5 57.Rh8+ Kg6 58.Kg3 Rg1+
59.Kh2 Rf1 60.Rxh3 Kg5 61.Kg3 Rg1+ 62.Kf2 Ra1 63.Rg3+ Kf6 64.Ke3  1-0

[Event "XIII Gdansk Open"]
[Site "Gdansk POL"]
[Date "2011.07.20"]
[Round "5.11"]
[White "Lukaszuk,Aron"]
[Black "Olejarczyk,B"]
[Result "0-1"]
[WhiteElo "1834"]
[BlackElo "2137"]

1.c4 c6 2.Nc3 d5 3.d4 Nf6 4.Nf3 e6 5.Bf4 Nbd7 6.e3 Be7 7.Be2 Nh5 8.Bg3 Nxg3
9.hxg3 b6 10.Qc2 h6 11.cxd5 exd5 12.a3 O-O 13.O-O Bb7 14.b4 Re8 15.Qf5 g6
16.Qh3 Kg7 17.b5 c5 18.dxc5 bxc5 19.Rfd1 Bf6 20.Rac1 Nb6 21.a4 Bxc3 22.Rxc3 Nxa4
23.Ra3 Nb6 24.Rda1 Bc8 25.Qh4 g5 26.Qh5 Qe7 27.Nd2 Bf5 28.f3 Bg6 29.Qg4 Rac8
30.e4 Rc7 31.Bd3 h5 32.Qh3 c4 33.Bc2 Qc5+ 34.Kh2 Qf2 35.exd5 Bxc2 36.d6 Rd7
37.Nxc4 g4 38.Qxh5 Rh8  0-1

[Event "ch-PHI"]
[Site "Manila PHI"]
[Date "2011.07.20"]
[Round "8"]
[White "Laylo,D"]
[Black "Nolte,R"]
[Result "1/2-1/2"]
[WhiteElo "2528"]
[BlackElo "2433"]

1.c4 c6 2.Nc3 d5 3.d4 Nf6 4.Nf3 e6 5.Bg5 Nbd7 6.cxd5 exd5 7.e3 Be7 8.Bd3 O-O
9.O-O Ne4 10.Bxe7 Qxe7 11.Qc2 Ndf6 12.Nd2 Nxd2 13.Qxd2 Be6 14.h3 Rfd8 15.Qc2 Rac8
16.Bf5 Bxf5 17.Qxf5 g6 18.Qd3 Kg7 19.Rac1 a6 20.Rfd1 Re8 21.a3 Ne4 22.Nxe4 Qxe4
23.b4 Qxd3 24.Rxd3 f6 25.Kf1 Kf7 26.Ke2 Ke7 27.Rdc3 Kd7 28.a4 b6 29.Kd2 Red8
30.Kd3 Re8 31.g3 Red8 32.h4  1/2-1/2